[Event "Zalakaros Kupa 18th"]
[Site "Zalakaros"]
[Date "1999.05.18"]
[Round "7"]
[White "Acs, Peter"]
[Black "Berkes, Ferenc"]
[Result "1-0"]
[WhiteElo "2521"]
[BlackElo "2349"]

1.e4 e6 2.d4 d5 3.Nc3 Bb4 4.e5 Ne7 5.a3 Bxc3+ 6.bxc3 c5 7.Qg4 Qc7 8.Bd3 cxd4
9.Ne2 dxc3 10.Qxg7 Rg8 11.Qxh7 Qxe5 12.Bf4 Qf6 13.h4 Nd7 14.Bg5 Qh8 15.Qxh8 Rxh8
16.Nxc3 a6 17.O-O-O b5 18.h5 f6 19.Be3 Bb7 20.f4 Kf7 21.Rh4 Rag8 22.g4 e5
23.fxe5 fxe5 24.Be4 Ke6 25.Bg2 Rc8 26.Ne2 Rc4 27.h6 Nf6 28.Bh3 Kf7 29.Rf1 Kg6
30.h7 Rc6 31.Rh6+ Kg7 32.Ng3 Nxh7 33.Nh5+ Kg8 34.g5 Bc8 35.Bxc8 Rxc8 36.g6 Nf8
37.Nf6+ Kg7 38.Nh5+ Kg8 39.Rxh8+ Kxh8 40.g7+ Kg8 41.gxf8=Q+ Rxf8 42.Rg1+ Kf7
43.Rg7+ Ke6 44.Rxe7+ Kxe7 45.Bc5+ Kf7 46.Bxf8 Kxf8 47.Nf6 d4 48.Nd7+ Ke7
49.Nxe5 Kd6 50.Nf3 Kc5 51.Kd2 Kc4 52.Ne5+ Kd5 53.Nd3 a5 54.Nb2 a4 55.Nd3 Kc4
56.Nb4  1-0

[Event "Zalakaros Kupa 18th"]
[Site "Zalakaros"]
[Date "1999.05.19"]
[Round "8"]
[White "Hajnal, Zoltan"]
[Black "Macsik, Tamas"]
[Result "1-0"]
[WhiteElo "2286"]
[BlackElo "100"]

1.e4 e6 2.d4 d5 3.Nc3 Bb4 4.e5 Ne7 5.Bd2 Bxc3 6.Bxc3 b6 7.Bb5+ c6 8.Ba4 a5
9.a3 O-O 10.Bd2 Ba6 11.c3 Bd3 12.Bg5 Bg6 13.h4 h6 14.h5 Bh7 15.Bh4 Qd7 16.g4 f6
17.exf6 gxf6 18.Qd2 Kg7 19.f4 Be4 20.Rh3 Qd6 21.Ne2 Kh7 22.O-O-O b5 23.Bc2 b4
24.c4 c5 25.dxc5 Qxc5 26.Bxe4+ dxe4 27.Qd4 Qxd4 28.Rxd4 Nbc6 29.Rxe4 e5 30.fxe5 Nxe5
31.Rxe5 fxe5 32.Bxe7 Rg8 33.axb4 axb4 34.Bxb4 Rxg4 35.b3 Rg2 36.Re3 Ra2 37.Bd2 Rh2
38.Kd1 Rh1+ 39.Be1 Rxh5 40.c5 e4 41.b4 Rd5+ 42.Kc1 Ra1+ 43.Kb2 Rxe1 44.c6 Rd2+
45.Kc3 Rd8 46.Rxe4 Rb1 47.Kc4 Kg6 48.b5 Kg5 49.Kc5 h5 50.c7 Rf8 51.b6 h4
52.Rb4 Rxb4 53.Kxb4 h3 54.b7 h2 55.Ng3  1-0

[Event "Zalakaros Kupa 18th"]
[Site "Zalakaros"]
[Date "1999.05.20"]
[Round "9"]
[White "Horvath, Adam"]
[Black "Forintos, Gyozo V"]
[Result "1-0"]
[WhiteElo "2437"]
[BlackElo "2360"]

1.e4 e6 2.d4 d5 3.Nc3 Bb4 4.e5 b6 5.a3 Bf8 6.f4 Ne7 7.Nf3 Nf5 8.Bd3 Ba6 9.Bxf5 exf5
10.Be3 Be7 11.Qd2 Qd7 12.Kf2 Nc6 13.Rhd1 O-O 14.b3 Na5 15.h3 Rfd8 16.Ne2 Nb7
17.Ng3 g6 18.Kg1 Rac8 19.Bf2 Qe8 20.Nf1 Qf8 21.Ne3 Qh6 22.Bg3 Na5 23.Qf2 c6
24.Bh4 Rc7 25.Ng5 c5 26.c4 Bb7 27.dxc5 d4 28.Nd5 Bxd5 29.cxd5 Rxd5 30.b4 Nc4
31.Rxd4 Rxd4 32.Qxd4 Qxh4 33.Nf3 bxc5 34.Qxc4 Qg3 35.Rd1 g5 36.fxg5 Bxg5
37.e6 Qf4 38.exf7+ Rxf7 39.Qxc5 Qe3+ 40.Qxe3 Bxe3+ 41.Kf1 Rc7 42.Ke2 Re7
43.Kd3 Rd7+ 44.Kc2 Re7 45.Rd5 f4 46.a4 h6 47.Kd3 Rg7 48.g4 Rc7 49.Ne5 Rc1
50.Ke4 Rb1 51.Nc6 Rg1 52.Ne5 Rb1 53.Rb5 Bd2 54.Kf5 Rxb4 55.Rxb4 Bxb4 56.Kxf4 Kg7
57.Kf5 Be1 58.Nc6 a5 59.h4 Kh7 60.h5 Kg7 61.Ke6 Bd2 62.Nd4 Kg8 63.Nf5 Bg5
64.Kd5 Bd2 65.Kc6 Kf7 66.Nd6+ Ke6 67.Nc4 Be1 68.Kb5 Kf6 69.Nxa5 Kg5 70.Nc6 Kxg4
71.Nb4 Kxh5 72.a5 Kg4 73.a6 Bf2 74.Nd5 Ba7 75.Kc6 h5 76.Kb7 h4 77.Kxa7 h3
78.Ne3+ Kf3 79.Kb6 Kxe3 80.a7 Kf2 81.a8=Q Kg1 82.Qa1+ Kh2 83.Qb2+ Kg3 84.Qe5+ Kg2
85.Qe4+ Kg1 86.Qg4+ Kh2 87.Kc5  1-0

[Event "Guillermo Garcia mem-B"]
[Site "Santa Clara"]
[Date "1999.05.24"]
[Round "1"]
[White "Abreu, Arian"]
[Black "Del Rio Angelis, S."]
[Result "0-1"]
[WhiteElo "2410"]
[BlackElo "2408"]

1.e4 e6 2.d4 d5 3.Nc3 Bb4 4.e5 Ne7 5.a3 Bxc3+ 6.bxc3 c5 7.Nf3 Qc7 8.a4 Nbc6
9.Bd3 cxd4 10.cxd4 Nxd4 11.O-O Nxf3+ 12.Qxf3 Qxe5 13.Bf4 Qf6 14.Qg3 Ng6 15.Bd6 e5
16.Ba3 Bd7 17.c4 d4 18.Bxg6 hxg6 19.Rfe1 Rh5 20.f4 O-O-O 21.fxe5 Qe6 22.Bc5 b6
23.Bd6 Bc6 24.c5 Qd5 25.cxb6 axb6 26.Rec1 d3 27.Rxc6+ Qxc6 28.Qf4 Rf5 29.Qe3 d2
30.Qxd2 Rxe5 31.Rc1 Rc5  0-1

[Event "Guillermo Garcia mem-B"]
[Site "Santa Clara"]
[Date "1999.05.24"]
[Round "1"]
[White "Herrera, Irisberto"]
[Black "Pecorelli Garcia, Humberto"]
[Result "0-1"]
[WhiteElo "2450"]
[BlackElo "2430"]

1.e4 e6 2.d4 d5 3.Nc3 Bb4 4.e5 Ne7 5.a3 Bxc3+ 6.bxc3 c5 7.Nf3 b6 8.a4 Ba6
9.Bxa6 Nxa6 10.O-O h6 11.Qe2 Nb8 12.c4 O-O 13.Rd1 Qc7 14.cxd5 Nxd5 15.Ra3 cxd4
16.Rxd4 Rc8 17.c4 Ne7 18.Nh4 Nbc6 19.Re4 Nf5 20.Nf3 Rd8 21.Bb2 Qd7 22.g4 Nfe7
23.Ra1 Na5 24.Bc3 Nb3 25.Ra3 Nc5 26.Rd4 Qb7 27.a5 Ng6 28.h3 Rxd4 29.Bxd4 Rc8
30.Qe3 Nd7 31.axb6 axb6 32.Rc3 Qa6 33.Qc1 Qa5 34.Qe3 Qb4 35.Qc1 Nc5 36.Bxc5 Rxc5
37.Qc2 Nxe5 38.Nxe5 Rxe5 39.Rb3 Qe1+ 40.Kg2 Re2  0-1

[Event "CRO-Cup"]
[Site "Pula"]
[Date "1999.05.28"]
[Round "5"]
[White "Orak, Ljubomir"]
[Black "Bukal, Vladimir Jr"]
[Result "1/2-1/2"]
[WhiteElo "2355"]
[BlackElo "2393"]

1.e4 e6 2.d4 d5 3.Nc3 Bb4 4.e5 Ne7 5.a3 Bxc3+ 6.bxc3 c5 7.Nf3 Nbc6 8.a4 Qa5
9.Bd2 Bd7 10.Bb5 Qc7 11.O-O f6 12.Re1 O-O-O 13.Qc1 Ng6 14.Bxc6 Qxc6 15.Qa3 c4  1/2-1/2

[Event "CRO-Cup"]
[Site "Pula"]
[Date "1999.05.28"]
[Round "5"]
[White "Palac, Mladen"]
[Black "Arapovic, Vitomir"]
[Result "1/2-1/2"]
[WhiteElo "2589"]
[BlackElo "2425"]

1.e4 e6 2.d4 d5 3.Nc3 Bb4 4.e5 Ne7 5.a3 Bxc3+ 6.bxc3 c5 7.Nf3 Nbc6 8.a4 Qa5
9.Bd2 Bd7 10.Bb5 f6 11.O-O O-O-O 12.Re1 c4 13.Qe2 h6 14.h3 f5 15.Reb1 g5
16.h4 gxh4 17.Nxh4 Rdg8 18.g3 Qd8 19.Kg2 Qf8 20.Rh1 Be8 21.Bf4 Rg4 22.Qd2 h5
23.Rh3 Ng6 24.Nxg6 Rxg6 25.Bg5  1/2-1/2

[Event "Guillermo Garcia mem-A"]
[Site "Santa Clara"]
[Date "1999.05.28"]
[Round "5"]
[White "Gongora, Maikel"]
[Black "Nogueiras, Jesus"]
[Result "1/2-1/2"]
[WhiteElo "2427"]
[BlackElo "2540"]

1.e4 e6 2.d4 d5 3.Nc3 Bb4 4.e5 Ne7 5.a3 Bxc3+ 6.bxc3 c5 7.Qg4 Kf8 8.Nf3 Qa5
9.Bd2 Qa4 10.Ra2 b6 11.Bd3 Ba6 12.O-O Bxd3 13.cxd3 Nbc6 14.Qh5 h6 15.dxc5 bxc5
16.Rb2 Qxa3 17.Rfb1 Kg8 18.Rb7 Qa6 19.Be3 Qxd3 20.Bxc5 Rc8 21.Bxe7 Nxe7 22.h3 Ng6
23.Kh2 a5 24.R1b5 Rf8 25.Rxa5 Qxc3 26.Raa7 Qc2 27.Nd4 Qxf2 28.Nxe6 Nf4 29.Nxf4 Qxf4+
30.Kh1 Qf1+ 31.Kh2 Qf4+ 32.Kh1 Qf1+ 33.Kh2 Qf4+  1/2-1/2

[Event "Rhein Main op"]
[Site "Frankfurt"]
[Date "1999.06.03"]
[Round "3"]
[White "Brustkern, Juergen"]
[Black "Uwira, Oliver"]
[Result "1-0"]
[WhiteElo "2298"]
[BlackElo "2115"]

1.e4 e6 2.d4 d5 3.Nc3 Bb4 4.e5 b6 5.Bd2 Qd7 6.Bb5 c6 7.Ba4 a5 8.a3 Bf8 9.Nce2 Ba6
10.c3 Ne7 11.Nf3 Qc7 12.O-O Nd7 13.Re1 Bd3 14.Bg5 Bg6 15.Nh4 b5 16.Nxg6 hxg6
17.Bc2 Nf5 18.a4 b4 19.Ng3 Rc8 20.Bd3 Qb6 21.Rb1 Be7 22.Nxf5 gxf5 23.Bxe7 Kxe7
24.Qd2 Rh6 25.Qg5+ Kf8 26.g3 Rb8 27.Qe3 Qa7 28.Rec1 b3 29.c4 Nb6 30.Ra1 Qe7
31.Qd2 Qa7 32.Ra3 Ke7 33.Rc3 f6 34.c5 Nd7 35.exf6+ Nxf6 36.Raxb3 Rb4 37.Rxb4 axb4
38.Rb3 Qxa4 39.Rxb4 Qa1+ 40.Kg2 Kf7 41.Rb7+ Kg6 42.h4 Kh7 43.Qe3 Ne4 44.Bxe4 fxe4
45.Qg5 Rg6 46.Qh5+ Rh6 47.Qe5 Rg6 48.h5 Rg4 49.h6 Rg6 50.hxg7 Qa8 51.g8=Q+ Kxg8
52.Rb8+  1-0

[Event "Pula op 13th"]
[Site "Pula"]
[Date "1999.06.03"]
[Round "5"]
[White "Kinez, Ivo"]
[Black "Medic, Mirjana"]
[Result "0-1"]
[WhiteElo "2080"]
[BlackElo "2327"]

1.e4 e6 2.d4 d5 3.Nc3 Bb4 4.e5 Ne7 5.a3 Bxc3+ 6.bxc3 c5 7.Nf3 Qa5 8.Bd2 Nbc6
9.Bd3 Bd7 10.c4 Qc7 11.cxd5 Nxd5 12.c3 f6 13.c4 Nde7 14.exf6 gxf6 15.dxc5 O-O-O
16.O-O e5 17.Be4 Be6 18.Qa4 Rhg8 19.Rfe1 f5 20.Bxc6 Nxc6 21.Bc3 e4 22.Nd2 Rg6
23.Nf1 Rdg8 24.g3 h5 25.Ra2 h4 26.Kh1 hxg3 27.fxg3 f4 28.Rxe4 Bh3 29.Qd1 fxg3
30.Nxg3 Rxg3 31.hxg3 Qxg3 32.Re8+ Rxe8 33.Qh5 Rg8  0-1

[Event "Ljubljana op 10th"]
[Site "Ljubljana"]
[Date "1999.06.30"]
[Round "6"]
[White "Nikolov, Sasho"]
[Black "Praznik, Anton"]
[Result "1-0"]
[WhiteElo "2395"]
[BlackElo "2217"]

1.e4 e6 2.d4 d5 3.Nc3 Bb4 4.e5 Qd7 5.a3 Bxc3+ 6.bxc3 b6 7.Nf3 Ba6 8.Bxa6 Nxa6
9.O-O Nb8 10.Ng5 h5 11.c4 Ne7 12.cxd5 Qxd5 13.c4 Qxc4 14.Nxf7 Rf8 15.Ng5 Nbc6
16.Be3 O-O-O 17.Rc1 Qd5 18.Qxh5 g6 19.Qg4 Nf5 20.Rfd1 Rh8 21.Nf3 Rd7 22.Rc3 Kb7
23.h4 Rdh7 24.Bg5 Rd7 25.Bf6 Rh6 26.Rcd3 a5 27.Qf4 Rdh7 28.g3 a4 29.R1d2 Na5
30.Bg5 Rh5 31.Rd1 Nc4 32.Rc3 Rf7 33.Qc1 b5 34.g4 Rxg5 35.Qxg5 Ne7 36.Kg2 Qe4
37.Re1 Qc6 38.Kg3 Nd5 39.Qxg6 Nxc3 40.Qxf7 Ne4+ 41.Kg2 Nxa3 42.Qf4 Nc3 43.Qc1 b4
44.h5 Nab5 45.h6 Nxd4 46.Re3 Nxf3 47.Rxf3 Qe4 48.Qf4 b3 49.Qxe4+ Nxe4 50.h7 b2
51.h8=Q b1=Q 52.Qh7 Kc6 53.Re3 Kd5 54.Qd7+ Kxe5 55.Qxc7+ Kd5 56.Qd7+ Ke5
57.Qxa4 Kd5 58.Qxe4+ Qxe4+ 59.Rxe4 Kxe4 60.Kg3 Ke5  1-0

[Event "White Nights"]
[Site "St Petersburg"]
[Date "1999.07.01"]
[Round "6"]
[White "Solovjov, Sergey"]
[Black "Kruppa, Yuri"]
[Result "1/2-1/2"]
[WhiteElo "2447"]
[BlackElo "2561"]

1.e4 e6 2.d4 d5 3.Nc3 Bb4 4.e5 b6 5.Qg4 Bf8 6.Bg5 Qd7 7.Nf3 h6 8.Be3 Ne7
9.Qh5 Ba6 10.g4 Bxf1 11.Rxf1 Nbc6 12.O-O-O Na5 13.Kb1 Nec6 14.Nd2 O-O-O 15.f4 g6
16.Qh3 Bb4 17.Ne2 h5 18.c3 Be7 19.f5 hxg4 20.fxe6 Rxh3 21.exd7+ Rxd7 22.Bf4 Nd8
23.b4 Nac6 24.Bg3 Bg5 25.Nf4 Rh7 26.Nb3 Bxf4 27.Rxf4 Ne7 28.Rxg4 Nf5 29.Rf4 Ne6
30.Rf2 Ng5 31.Nd2 Rh3 32.Rg1 Rd8 33.Bh4 Rxh4 34.Rxg5 Rdh8 35.Nf1 Kd7 36.Ng3 Nh6
37.Ne2 Nf5 38.Ng3 Nxg3 39.Rxg3 Ke7 40.Rgf3 R8h7 41.Rf6 Rxh2 42.Rxf7+ Rxf7
43.Rxh2 Ke6 44.Kc2 g5  1/2-1/2

[Event "World op-B"]
[Site "Philadelphia"]
[Date "1999.07.02"]
[Round "2"]
[White "Spanton, Timothy"]
[Black "Barrios, H."]
[Result "0-1"]
[WhiteElo "2193"]
[BlackElo "2053"]

1.e4 e6 2.d4 d5 3.Nc3 Bb4 4.e5 b6 5.Qg4 Bf8 6.Bg5 Qd7 7.Bd3 h6 8.Bh4 Ba6
9.O-O-O g5 10.Bg3 Bxd3 11.Rxd3 h5 12.Qh3  0-1

[Event "World op"]
[Site "Philadelphia"]
[Date "1999.07.04"]
[Round "4"]
[White "Dunne, Alex"]
[Black "Ostos, Julio"]
[Result "0-1"]
[WhiteElo "2311"]
[BlackElo "2430"]

1.e4 e6 2.d4 d5 3.Nc3 Bb4 4.e5 Ne7 5.a3 Bxc3+ 6.bxc3 c5 7.Nf3 Qa5 8.Qd2 b6
9.Bd3 Ba6 10.O-O cxd4 11.Nxd4 Nbc6 12.f4 Nxd4 13.Bxa6 Nxc2 14.Qxc2 Qxa6 15.a4 h5
16.Qb3 Nf5 17.Rf2 O-O 18.g3 Rfc8 19.Qd1 g6 20.Qf3 Qc4 21.Bd2 d4 22.cxd4 Nxd4
23.Qe4 Nb3 24.Qxc4 Rxc4 25.Ra2 Rd8 26.a5 b5 27.a6 Rd3 28.Kg2 Kf8 29.Ba5 Rc6
30.Bb4+ Ke8 31.Bd6 Kd7 32.Rfb2 Kc8 33.Rc2 Nd4 34.Rcb2  0-1

[Event "Komercni Banka op"]
[Site "Pardubice"]
[Date "1999.07.22"]
[Round "7"]
[White "Sax, Gyula"]
[Black "Odesskij, Ilia"]
[Result "1/2-1/2"]
[WhiteElo "2588"]
[BlackElo "2425"]

1.e4 e6 2.d4 d5 3.Nc3 Bb4 4.e5 b6 5.Qg4 Bf8 6.h4 h5 7.Qd1 Ba6 8.Bg5 Be7 9.Bxa6 Nxa6
10.Nh3 Nb4 11.Ne2 Qd7 12.c3 Nc6 13.Nef4 g6 14.f3 O-O-O 15.g4 Kb7 16.Qe2 Rc8
17.O-O-O Na5 18.Bxe7 Qxe7 19.gxh5 gxh5 20.Rhg1 Nh6 21.Rg5 c5 22.dxc5 Qxc5
23.Rxh5 Nc4 24.Nd3 Qa5 25.Kb1 Qb5 26.Ng5 Qe8 27.f4 Qg8 28.b3 Na3+ 29.Kb2 Nb5
30.Qe1 Qg6 31.Nb4 Nc7 32.c4 a5 33.Nd3 Nf5 34.Rxh8 Rxh8 35.cxd5 Nxd5 36.Ne4 Ka7
37.Ndc5 bxc5 38.Nxc5 Nd4  1/2-1/2

[Event "Dutch Open"]
[Site "Dieren"]
[Date "1999.07.24"]
[Round "5"]
[White "Plasman, Hans"]
[Black "Wilgenhof, Otto"]
[Result "0-1"]
[WhiteElo "2152"]
[BlackElo "2235"]

1.e4 e6 2.d4 d5 3.Nc3 Bb4 4.e5 Ne7 5.Nf3 c5 6.a3 Bxc3+ 7.bxc3 Qa5 8.Bd2 Nbc6
9.c4 Qa4 10.dxc5 dxc4 11.Qe2 Qxc2 12.Rc1 Qb2 13.Rxc4 Qxa3 14.Qe4 Ng6 15.Rc1 O-O
16.h4 h5 17.Rh3 Rd8 18.Rg3 Nce7 19.Rg5 Bd7 20.Be2 Bc6 21.Qc4 Nf5 22.Rxh5 Bxf3
23.Bxf3 Nxe5 24.Qc3 Nxf3+ 25.gxf3 Rd3 26.Qe5 Rxd2 27.Kxd2 Rd8+ 28.Kc2 Qa2+  0-1

[Event "Korinthos op 3rd"]
[Site "Korinthos"]
[Date "1999.07.25"]
[Round "2"]
[White "Tsarouhas, Vasilios"]
[Black "Nenashev, Alexander"]
[Result "0-1"]
[WhiteElo "2221"]
[BlackElo "2584"]

1.e4 e6 2.d4 d5 3.Nc3 Bb4 4.e5 Ne7 5.a3 Bxc3+ 6.bxc3 b6 7.Qg4 Ng6 8.h4 h5
9.Qg3 Ba6 10.Bxa6 Nxa6 11.Ne2 Qd7 12.a4 O-O-O 13.Bg5 Rdf8 14.O-O Nb8 15.Qd3 Qc6
16.f4 Nd7 17.g3 Qc4 18.Qxc4 dxc4 19.f5 exf5 20.Rxf5 f6 21.exf6 gxf6 22.Bc1 Re8
23.Kf2 Re4 24.Kf3 Rhe8 25.Nf4 Re1 26.Rxh5 Nxf4 27.gxf4 Rf1+ 28.Kg4 Ree1 29.Rh8+ Kb7
30.h5 Rxc1 31.Rxc1 Rxc1 32.d5 Rxc2 33.h6 Rxc3 34.Rd8 f5+ 35.Kxf5 Rh3 36.Rxd7 Rxh6
37.Ke5 a6 38.f5 b5 39.Kd4 Rh4+ 40.Kc3 Kb6 41.axb5 axb5 42.f6 Rh3+ 43.Kd4 Rf3
44.f7 c3 45.f8=Q Rxf8 46.Kxc3 Rf3+ 47.Kd4 b4 48.Kc4 Ka5 49.Rd8 Rc3+ 50.Kd4 Ka4
51.Rb8 Ka3 52.Rb7 Rc1 53.Ra7+ Kb2 54.Ra8 b3 55.Rc8 Kb1 56.Kd3 b2 57.Rh8 Rd1+
58.Kc3 Kc1  0-1

[Event "Korinthos op 3rd"]
[Site "Korinthos"]
[Date "1999.07.29"]
[Round "6"]
[White "Lekic, Dusan"]
[Black "Skaperdas, Konstantin"]
[Result "1-0"]
[WhiteElo "2381"]
[BlackElo "2186"]

1.e4 e6 2.d4 d5 3.Nc3 Bb4 4.e5 Ne7 5.a3 Bxc3+ 6.bxc3 c5 7.Nf3 Qc7 8.a4 b6
9.Bb5+ Bd7 10.Bd3 Nbc6 11.O-O c4 12.Be2 h6 13.Re1 O-O-O 14.Ba3 Rde8 15.Qd2 Qd8
16.Qf4 Nf5 17.Reb1 Na5 18.Bb4 Nc6 19.a5 b5 20.Bc5 a6 21.Qc1 Nb8 22.g4 Nh4
23.Nxh4 Qxh4 24.Qf4 Ref8 25.Bxf8 Rxf8 26.Qg3 Qxg3+ 27.hxg3 g5 28.f4 Nc6 29.Kf2 Rg8
30.Ke3 Ne7 31.Rh1 Be8 32.Rxh6 Rg6 33.Rh8 Rg8 34.Rxg8 Nxg8 35.f5 Ne7 36.f6 Nc6
37.Kd2 Kc7 38.Kc1 Kc8 39.Kb2 Kc7 40.Rh1 Nxa5 41.Rh5 Nc6 42.Rxg5 a5 43.Rg7 b4
44.g5 a4 45.g6  1-0

[Event "Korinthos op 3rd"]
[Site "Korinthos"]
[Date "1999.07.30"]
[Round "7"]
[White "Kosanovic, Goran A"]
[Black "Koustas, Anastasios"]
[Result "1-0"]
[WhiteElo "2485"]
[BlackElo "2228"]

1.e4 e6 2.d4 d5 3.Nc3 Bb4 4.e5 Ne7 5.a3 Bxc3+ 6.bxc3 c5 7.Qg4 Kf8 8.a4 b6
9.h4 Ba6 10.Bxa6 Nxa6 11.h5 h6 12.Rh3 Rc8 13.Qe2 Nb8 14.a5 Nd7 15.Nf3 Kg8
16.axb6 axb6 17.Nh4 Ra8 18.Rxa8 Qxa8 19.Rg3 Qf8 20.Qg4 Rh7 21.Rf3 Qe8 22.Be3 Nc6
23.Rg3 cxd4 24.cxd4 f5 25.Qd1 Nf8 26.Bc1 Rh8 27.Ba3 Ne7 28.Qd2 Qxh5 29.Bxe7  1-0

[Event "Lost Boys op"]
[Site "Antwerp"]
[Date "1999.08.01"]
[Round "3"]
[White "De Vreugt, Dennis"]
[Black "Dgebuadze, Alexandre"]
[Result "1/2-1/2"]
[WhiteElo "2398"]
[BlackElo "2510"]

1.e4 e6 2.d4 d5 3.Nc3 Bb4 4.e5 Ne7 5.a3 Bxc3+ 6.bxc3 c5 7.Nf3 Qc7 8.h4 Bd7
9.Bd3 Ba4 10.Rb1 Nd7 11.h5 h6 12.Rh4 c4 13.Bf1 O-O-O 14.g3 Kb8 15.Bh3 Ka8
16.Be3 Qa5 17.Kd2 Rc8 18.Rf4 Rhf8 19.Nh4 Nb6 20.Qg4 Be8 21.Rxb6 Qxb6 22.Qxg7 Ba4
23.Ng2 Bxc2 24.Kxc2 Qb3+ 25.Kd2 Qb2+ 26.Kd1 Qb1+ 27.Bc1 Qd3+ 28.Bd2 Qb1+
29.Bc1 Qd3+ 30.Bd2 Qb1+  1/2-1/2

[Event "MK Cafe Cup-B"]
[Site "Koszalin"]
[Date "1999.08.04"]
[Round "2"]
[White "Skurski, Jan"]
[Black "Kislov, Mikhail"]
[Result "0-1"]
[WhiteElo "2025"]
[BlackElo "2387"]

1.e4 e6 2.d4 d5 3.Nc3 Bb4 4.e5 Ne7 5.Nf3 c5 6.a3 Bxc3+ 7.bxc3 Nbc6 8.Be2 Bd7
9.O-O Qa5 10.Bd2 O-O-O 11.Ng5 Be8 12.f4 Qa4 13.dxc5 Qa5 14.Be3 Qxc3 15.Qd2 Qxd2
16.Bxd2 h6 17.Nh3 Nd4 18.Bd3 Bb5 19.g4 Bxd3 20.cxd3 Nb3 21.Ra2 Nc6 22.Bb4 a5
23.Rb2 a4 24.Nf2 g5 25.Nd1 gxf4 26.Nc3 Rhg8 27.h3 Nxe5 28.Nxa4 Nd4 29.Rxf4 Ndc6
30.Rb3 d4 31.Kh2 h5 32.gxh5 Rg5 33.Be1 Rxh5 34.Bg3 Rdh8 35.h4 f5 36.Nb6+ Kd8
37.Kh3 Ng6 38.Rf1 Nxh4 39.Nc4 Ng6+ 40.Kg2 f4 41.Bxf4 Rg8 42.Bg3 Nh4+  0-1

[Event "MK Cafe Cup-B"]
[Site "Koszalin"]
[Date "1999.08.07"]
[Round "5"]
[White "Kuzmin, Gennadi P"]
[Black "Dimitrov, Vladimir"]
[Result "1/2-1/2"]
[WhiteElo "2518"]
[BlackElo "2464"]

1.e4 e6 2.d4 d5 3.Nc3 Bb4 4.e5 Qd7 5.Ne2 b6 6.a3 Bf8 7.g3 Ba6 8.Bg2 Ne7 9.O-O c5
10.Re1 Nbc6 11.dxc5 bxc5 12.Nf4 Rc8 13.a4 Nd4 14.b3 Nec6 15.Bb2  1/2-1/2

[Event "FRA-ch qual"]
[Site "Bescanon"]
[Date "1999.08.18"]
[Round "1"]
[White "Olivier, Jean Christophe"]
[Black "Housieaux, David"]
[Result "1/2-1/2"]
[WhiteElo "2393"]
[BlackElo "2202"]

1.e4 e6 2.d4 d5 3.Nc3 Bb4 4.e5 Ne7 5.a3 Bxc3+ 6.bxc3 c5 7.Qg4 cxd4 8.Qxg7 Rg8
9.Qxh7 Qc7 10.Ne2 Nbc6 11.f4 Bd7 12.Qd3 dxc3 13.Qxc3 Nf5 14.Rg1 Qb6 15.Ra2 Nfd4
16.Qb2 Qc5 17.Be3 Nxc2+ 18.Qxc2 Qxe3 19.Qd2 Qe4 20.Kf2 d4 21.g3 Rd8 22.Bg2 Qh7
23.h4 Qg6 24.Rd1 Kf8 25.Qd3 Qg7 26.Qf3 Be8 27.Rad2 Qg6 28.h5 Qf5 29.Kg1 f6
30.Nxd4 Rxd4 31.Rxd4 Bxh5 32.Qe3 Bxd1 33.Rxd1 fxe5 34.Bxc6 bxc6 35.fxe5 Qg5
36.Qc5+ Kg7 37.Kg2 Rf8 38.Qxa7+ Rf7 39.Qd4 Qf5 40.Qe3 Rb7 41.Rd2 Qg4 42.Rf2 c5
43.Qf4 Qxf4 44.Rxf4 Rb3 45.a4 Rb4 46.Rf6 Rb6 47.Kf3 c4 48.Ke3 Ra6 49.Ke4 c3
50.Kd3 Rxa4 51.Kxc3 Rg4 52.Rf3 Re4 53.Kd3  1/2-1/2

[Event "ESP-ch"]
[Site "Palencia"]
[Date "1999.08.20"]
[Round "2"]
[White "Cenal Gutierrez, Ruben"]
[Black "Del Rio Angelis, Gabriel"]
[Result "0-1"]
[WhiteElo "2267"]
[BlackElo "2471"]

1.e4 e6 2.d4 d5 3.Nc3 Bb4 4.e5 Ne7 5.a3 Bxc3+ 6.bxc3 c5 7.Qg4 O-O 8.Bd3 f5
9.exf6 Rxf6 10.Bg5 e5 11.Qg3 Re6 12.dxe5 Nbc6 13.Nf3 c4 14.Be2 Qf8 15.Qf4 Qe8
16.O-O h6 17.Bxe7 Rxe7 18.Qd2 Nxe5 19.Nxe5 Rxe5 20.Bf3 Be6 21.Rfe1 Bf7 22.Kf1 Rd8
23.g3 b6 24.Qf4 Rxe1+ 25.Rxe1 Qd7 26.Bg4 Qd6 27.Qxd6 Rxd6 28.Re7 a5 29.Rb7 Bg6
30.Ke2 d4 31.cxd4 Rxd4 32.Bf3 Bxc2 33.Rxb6 Bd1+  0-1

[Event "FRA-ch qual"]
[Site "Bescanon"]
[Date "1999.08.25"]
[Round "8"]
[White "Fontaine, Robert"]
[Black "Adrian, Claude"]
[Result "1-0"]
[WhiteElo "2408"]
[BlackElo "2317"]

1.e4 e6 2.d4 d5 3.Nc3 Bb4 4.e5 Ne7 5.Bd2 c5 6.Nb5 Bxd2+ 7.Qxd2 O-O 8.dxc5 Nd7
9.Qc3 f6 10.Nf3 Nxe5 11.Nxe5 fxe5 12.Qxe5 Ng6 13.Qd6 Bd7 14.O-O-O Bxb5 15.Qxe6+ Kh8
16.Bxb5 Qa5 17.a4 a6 18.Bd7 Rxf2 19.Qxd5 Raf8 20.Rhe1 Nf4 21.Qd6 Nxg2 22.Re2 R2f6
23.Qd2 Qxd2+ 24.Kxd2 Nh4 25.Kc3 a5 26.Re8 g5 27.Rxf8+ Rxf8 28.Bg4 Ng2 29.Rd7 Rf4
30.Be2 Rb4 31.b3 Nf4 32.Bc4 h5 33.Kd2 g4 34.Ke3 Ng6 35.c3 Rxc4 36.bxc4 h4
37.Rxb7 h3 38.Kf2  1-0

[Event "ESP-ch"]
[Site "Palencia"]
[Date "1999.08.26"]
[Round "8"]
[White "Martin Gonzalez, Angel"]
[Black "Cenal Gutierrez, Ruben"]
[Result "1/2-1/2"]
[WhiteElo "2422"]
[BlackElo "2267"]

1.e4 e6 2.d4 d5 3.Nc3 Bb4 4.e5 Ne7 5.f4 c5 6.Bd2 Nf5 7.Nf3 Nc6 8.dxc5 Bxc5
9.Bd3 g6 10.Qe2 Bd7 11.O-O-O Nfd4 12.Nxd4 Nxd4 13.Qe1 Qb6 14.Kb1 a5 15.Ka1 a4
16.a3 Rc8 17.Rf1 h5 18.Qh4 Be7 19.Qh3 Rf8 20.f5 Nxf5 21.Bxf5 gxf5 22.Qxh5 d4
23.Na2 Rxc2 24.Nb4 Rc5 25.Rfe1 Qb5 26.Bg5 Rxe5 27.Bxe7 Kxe7 28.Qh4+ f6 29.Qxd4 Rxe1
30.Qd6+ Kf7 31.Rxe1 Re8 32.Rc1 Rc8 33.Rd1 Bc6 34.Qf4 Be4 35.Qh6 Rg8 36.Qh7+ Rg7
37.Qh5+ Rg6 38.Qh7+ Rg7 39.Qh5+ Rg6 40.Qh7+  1/2-1/2

[Event "Atlantic op"]
[Site "Washington DC"]
[Date "1999.08.28"]
[Round "3"]
[White "Strenzwilk, Denis"]
[Black "Ritvin, Stanislav"]
[Result "1-0"]
[WhiteElo "2167"]
[BlackElo "2258"]

1.e4 e6 2.d4 d5 3.Nc3 Bb4 4.e5 Ne7 5.Qg4 c5 6.dxc5 Nbc6 7.Bd2 O-O 8.Bd3 f5
9.exf6 Rxf6 10.Qh5 h6 11.O-O-O Bd7 12.Nh3 e5 13.f3 Bf5 14.Nf2 Bxc5 15.Ng4 Bxg4
16.Qxg4 Nb4 17.Bc4 Kh8 18.Bb3 Nbc6 19.Rhe1 Bd4 20.Ne2 Bf2 21.Rf1 Bc5 22.Kb1 Qc8
23.Qxc8+ Rxc8 24.c3 Na5 25.Ng3 Nxb3 26.axb3 Nf5 27.Nxf5 Rxf5 28.Rfe1 e4 29.fxe4 dxe4
30.Rxe4 Rf2 31.Bf4 Rxg2 32.b4 Bg1 33.h3 Bh2 34.Rd7 Bxf4 35.Rxf4 Re8 36.b5 a5
37.Rg4 Rxg4 38.hxg4 b6 39.Rd6 Rb8 40.Kc2 Kg8 41.Kd3 Kf7 42.Rc6 Ke7 43.Ke4 Rb7
44.Ke5 Kf7 45.Kf5 Ke7 46.Kg6 Kd8 47.b3 Ke8 48.c4 Kd8 49.Kh7 Ke8 50.Kg8 Kd8
51.Rg6 Re7 52.Rxb6 Re3 53.Kxg7 Rg3 54.Rxh6 Rxg4+ 55.Rg6 Rf4 56.Ra6 Rf3 57.Rxa5 Rxb3
58.Ra6 Kc7 59.Kf6 Re3 60.Re6 Rc3  1-0

[Event "JUG-chT playoff"]
[Site "Vrnjacka Banja"]
[Date "1999.09.01"]
[Round "4"]
[White "Cabrilo, Goran"]
[Black "Drasko, Milan"]
[Result "0-1"]
[WhiteElo "2466"]
[BlackElo "2509"]

1.e4 e6 2.d4 d5 3.Nc3 Bb4 4.e5 Ne7 5.a3 Bxc3+ 6.bxc3 c5 7.a4 Qc7 8.Nf3 b6
9.Bb5+ Bd7 10.Bd3 Nbc6 11.O-O h6 12.Re1 O-O 13.Ba3 Na5 14.h3 Bxa4 15.Nh2 a6
16.dxc5 bxc5 17.Bc1 Bb5 18.Bxh6 Bxd3 19.Qxd3 gxh6 20.Ng4 Kg7 21.Qf3 Ng8 22.Nf6 Nc4
23.Ra4 Nxe5 24.Nh5+ Kh8 25.Qg3 f6 26.Nf4 Qf7 27.Rea1 Ne7 28.Rxa6 Rxa6 29.Rxa6 Nf5  0-1

[Event "EU-ch U14"]
[Site "Litohoto"]
[Date "1999.09.04"]
[Round "2"]
[White "Ianocichin, V."]
[Black "Seifert, Volker"]
[Result "0-1"]
[WhiteElo "2238"]
[BlackElo "2099"]

1.e4 e6 2.d4 d5 3.Nc3 Bb4 4.e5 Ne7 5.a3 Bxc3+ 6.bxc3 c5 7.Qg4 Qc7 8.Bd2 cxd4
9.cxd4 Qxc2 10.Qxg7 Rg8 11.Qf6 Nf5 12.Bb5+ Bd7 13.Rc1 Qe4+ 14.Be3 Bc6 15.Nf3 Nd7
16.Rxc6 Nxf6 17.Rc8+ Ke7 18.exf6+ Kxf6 19.Rc3  0-1

[Event "EU-ch U14"]
[Site "Litohoto"]
[Date "1999.09.06"]
[Round "4"]
[White "Bartel, Mateusz"]
[Black "Seifert, Volker"]
[Result "1-0"]
[WhiteElo "2343"]
[BlackElo "2099"]

1.e4 e6 2.d4 d5 3.Nc3 Bb4 4.e5 Ne7 5.Bd2 c5 6.Nb5 Bxd2+ 7.Qxd2 O-O 8.c3 a6
9.Nd6 Nbc6 10.f4 f6 11.Nf3 Qb6 12.Bd3 cxd4 13.cxd4 Bd7 14.O-O-O Nb4 15.Kb1 Nxd3
16.Qxd3 fxe5 17.fxe5 Be8 18.Qb3 Bg6+ 19.Ka1 Qxb3 20.axb3 Nf5 21.Rhe1 Nxd6
22.exd6 Be4 23.Ne5 Rad8 24.d7 Bc2 25.Rc1 Bxb3 26.Rc7 Ba4 27.Rxb7 Rf4 28.Rc1 Rff8
29.Ka2 g5 30.Ka3 Bb5 31.Kb4 Kg7 32.Kc5 Kf6 33.Kd6 Rg8 34.Rbc7 Rg7 35.g4 h6
36.R1c3 Rgg8 37.Rf3+ Kg7 38.Rf7+ Kh8 39.Re7  1-0

[Event "EU-ch U14"]
[Site "Litohoto"]
[Date "1999.09.09"]
[Round "7"]
[White "Gashimov, Vugar"]
[Black "Berkes, Ferenc"]
[Result "1/2-1/2"]
[WhiteElo "2426"]
[BlackElo "2353"]

1.e4 e6 2.d4 d5 3.Nc3 Bb4 4.e5 Ne7 5.a3 Bxc3+ 6.bxc3 c5 7.a4 Qa5 8.Bd2 Nbc6
9.Nf3 Bd7 10.Bb5 O-O-O 11.O-O Qc7 12.Qe2 a6 13.Bxc6 Nxc6 14.Bc1 f6 15.Re1 h6
16.Kh1 Rdg8 17.dxc5 f5 18.c4 d4 19.Bb2 g5 20.c3 dxc3 21.Bxc3 g4 22.Nh4 Ne7
23.Qd2 Ng6 24.Nxg6 Rxg6 25.Qd6 Qxd6 26.exd6 Rh7 27.Re5 Bc6 28.Rae1 Kd7 29.Rb1 h5  1/2-1/2

[Event "Alushta2"]
[Site "Alushta"]
[Date "1999.09.26"]
[Round "9"]
[White "Sharapov, Eugeny"]
[Black "Alekseev, Vadim"]
[Result "0-1"]
[WhiteElo "2385"]
[BlackElo "2461"]

1.e4 e6 2.d4 d5 3.Nc3 Bb4 4.e5 b6 5.a3 Bf8 6.f4 Ne7 7.Be3 Qd7 8.Nf3 Ba6 9.Bxa6 Nxa6
10.Qe2 Nb8 11.O-O-O Nbc6 12.g4 O-O-O 13.Rhf1 h6 14.h4 g6 15.Qd3 Na5 16.Kb1 Kb8
17.Ne2 Rc8 18.Ng3 c5 19.dxc5 bxc5 20.Ne4 c4 21.Qc3 Nec6 22.Nc5 Bxc5 23.Bxc5 Nb7
24.Bf2 Ne7 25.Qd4 Nc5 26.Ka2 Rc7 27.Nd2 Qb5 28.Rb1 Ka8 29.Rfc1 Rhc8 30.Qe3 Qa6
31.Nf3 Ne4 32.Be1 Nc6 33.Nd4 Qb6 34.Rd1 Rb8 35.Bc3 Rcb7 36.Qe1 Nxd4 37.Bxd4 Qa6
38.Bc3 Qa4 39.Rdc1 Rb6 40.Qe3 Ra6 41.Qd4 Rb3  0-1